Environmental economics : An introduction

Đã lưu trong:
Bibliografiske detaljer
Hovedforfatter: Field, Barry C.
Format: Bog
Sprog:Undetermined
Udgivet: New York McGraw-Hill 1997
Fag:
Tags: Tilføj Tag
Ingen Tags, Vær først til at tagge denne postø!
Thư viện lưu trữ: Trung tâm Học liệu Trường Đại học Cần Thơ
LEADER 00582nam a2200217Ia 4500
001 CTU_123806
008 210402s9999 xx 000 0 und d
020 |c 200000 
082 |a 333.7 
082 |b F453 
100 |a Field, Barry C. 
245 0 |a Environmental economics : 
245 3 |b An introduction 
245 0 |c Barry C. Field 
260 |a New York 
260 |b McGraw-Hill 
260 |c 1997 
650 |a Environmental economics,Economic development 
650 |x Environmental aspects 
904 |i Minh 
980 |a Trung tâm Học liệu Trường Đại học Cần Thơ